[Event "ch-Frankfurt A"]
[White "Neukirchner, Pascal"]
[Black "Bonnaire, Ulrich"]
[Site "Frankfurt"]
[PlyCount "200"]
[Result "1-0"]
[Round "2.2"]
[WhiteElo "2230"]
[BlackElo "2135"]
[Date "2024.05.07"]
[WhiteTeam "SK Gründau"]
[BlackTeam "SC Frankfurt-West"]

1. Nf3 d5 2. g3 Nf6 3. Bg2 Bf5 4. O-O e6 5. c4 c6 6. Qb3 Qb6 7. d3 Nbd7 8. cxd5 cxd5 9. Qxb6 Nxb6 10. Nc3 Be7 11. Bf4 O-O 12. Rfc1 Rfc8 13. Nd4 Bg6 14. Nb3 Nbd7 15. Nb5 Ne8 16. e4 dxe4 17. dxe4 e5 18. Rxc8 Rxc8 19. Nxa7 Rc2 20. Rd1 Nef6 21. Bc1 h6 22. Nb5 Bb4 23. f3 Nc5 24. Nxc5 Bxc5+ 25. Kh1 Nxe4 26. fxe4 Bh5 27. Re1 Bf2 28. Na3 Rc6 29. Rf1 Be2 30. Bd2 Bxf1 31. Bxf1 Bd4 32. Bb5 Rc5 33. b4 Rc8 34. Nc4 g6 35. g4 Kg7 36. Kg2 h5 37. gxh5 gxh5 38. Kf3 Kg6 39. a4 Rc7 40. a5 f5 41. Be3 Bxe3 42. exf5+ Kxf5 43. Nxe3+ Ke6 44. Bc4+ Kd6 45. Ke4 Rh7 46. Nf5+ Kc7 47. Kxe5 h4 48. h3 Rh8 49. b5 Re8+ 50. Kd4 Rf8 51. Bd3 Rd8+ 52. Kc4 Ra8 53. b6+ Kd7 54. Kb4 Rg8 55. Nxh4 Rg3 56. Bf5+ Kd8 57. Ng6 Rg2 58. Be4 Rb2+ 59. Kc4 Ra2 60. Bxb7 Rxa5 61. Bd5 Ra3 62. h4 Rg3 63. Be4 Re3 64. Kd5 Kc8 65. Ne7+ Kb8 66. Nc6+ Kb7 67. Ne5 Re1 68. Nc4 Rg1 69. Kd6+ Kb8 70. Ne5 Rd1+ 71. Bd5  1-0

[Event "ch-Frankfurt A"]
[White "Nehmert, Ulrich"]
[Black "Hitz, Ben"]
[Site "Frankfurt"]
[PlyCount "200"]
[Result "1-0"]
[Round "2.3"]
[WhiteElo "2255"]
[BlackElo "1833"]
[Date "2024.05.07"]
[WhiteTeam "Wiesbadener SV 1885"]
[BlackTeam "vereinslos"]

1. e4 e5 2. Nf3 Nc6 3. Bc4 Bc5 4. c3 Nf6 5. d4 exd4 6. O-O Nxe4 7. cxd4 Be7 8. d5 
Nb8 9. Re1 Nd6 10. Bd3 O-O 11. Qc2 g6 12. Nc3 b6 13. Bh6 Re8 14. Nb5 Nxb5 15. Bxb5 
Bf8 16. Rxe8 Qxe8 17. Re1 Qd8 18. d6 Bxh6 19. dxc7 Qf8 20. cxb8Q Rxb8 21. Ne5 Bf4 
22. Nxf7 Kxf7 23. Bc4+ d5 24. Bxd5+ Kf6 25. g3 Qd6 26. Bb3 Bf5 27. Qc4 Rf8 28. Qxf4 
Qc5 29. Re6+ Kg7 30. Qe5+ Qxe5 31. Rxe5 Kf6 32. Re2 Rc8 33. f3 Bh3 34. Kf2 Rc7 35. 
Rc2 Rxc2+ 36. Bxc2 Be6 37. Bb3 Bd7 38. Ke3 h6 39. Kd4 Bc6 40. Bd5 Bd7 41. a3 Bc8 
42. f4 Bd7 43. Bb7 g5 44. fxg5+ hxg5 45. Kd5 Kf5 46. Kd6 Be6 47. Bf3 g4  1-0

[Event "ch-Frankfurt A"]
[White "Foerster-Yialamas, Lucas"]
[Black "Bittner, Peter"]
[Site "Frankfurt"]
[PlyCount "200"]
[Result "1-0"]
[Round "2.4"]
[WhiteElo "2116"]
[BlackElo "1892"]
[Date "2024.05.07"]
[WhiteTeam "Sabt Frankfurter TV 1860"]
[BlackTeam "SC 1961 König Nied"]

1. e4 c5 2. Nf3 Nc6 3. d4 cxd4 4. Nxd4 Nf6 5. Nc3 a6 6. Nxc6 dxc6 7. Qxd8+ Kxd8 8. 
Bc4 e6 9. Bf4 b5 10. O-O-O+ Bd7 11. Be2 Bc5 12. e5 Nd5 13. Bg5+ Be7 14. Bxe7+ Kxe7 
15. Ne4 Rhd8 16. Bf3 Be8 17. Nc5 Nc7 18. b4 Rxd1+ 19. Rxd1 Rd8 20. Rxd8 Kxd8 21. 
Be4 h6 22. Kd2 Ke7 23. f4 f5 24. Bf3 g5 25. g3 gxf4 26. gxf4 Kd8 27. Nb7+ Kc8 28. 
Nd6+ Kd7 29. Nxe8 Nxe8 30. Kd3 Kc7 31. Bh5 Kd8 32. Kd4 Nc7 33. Bf3 Kd7 34. Kc5 h5 
35. Bxc6+ Kc8 36. Kb6 h4 37. h3 Kb8 38. a3 Kc8 39. Ka7  1-0

[Event "ch-Frankfurt A"]
[White "Philipp, Nils"]
[Black "Yalcin, Alparslan"]
[Site "Frankfurt"]
[PlyCount "200"]
[Result "0-1"]
[Round "2.5"]
[WhiteElo "1907"]
[BlackElo "2107"]
[Date "2024.05.07"]
[WhiteTeam "Sabt Frankfurter TV 1860"]
[BlackTeam "SC Kitzingen von 1905"]

1. d4 d5 2. Nf3 Nf6 3. c3 e6 4. Bf4 c5 5. e3 Bd6 6. Nbd2 Bxf4 7. exf4 cxd4 8. Nxd4 
Nc6 9. N2f3 Qc7 10. g3 O-O 11. Bd3 e5 12. Nxe5 Nxe5 13. fxe5 Qxe5+ 14. Qe2 Qd6 15. 
O-O Bh3 16. Rfe1 Rfe8 17. Qc2 g6 18. Bf1 Bxf1 19. Kxf1 Ne4 20. f3 Nc5 21. Rad1 Qa6+ 
22. Kf2 Rxe1 23. Kxe1 Re8+ 24. Kf2 Qxa2 25. b4 Qxc2+ 26. Nxc2 Na4 27. Rd3 Rc8 28. 
Ne3 Nxc3 29. Nxd5 Nxd5 30. Rxd5 Rc2+ 31. Ke3 Rxh2 32. b5 Rb2 33. g4 h6 34. Kf4 Kg7 
35. Ke5 a6 36. bxa6 bxa6 37. Kf4 Rb7 38. Ra5 Rb6 39. Kg3 Kf6 40. Kf4 Ke6 41. Re5+ 
Kd7 42. Ra5 Re6 43. Rc5 Rc6 44. Re5 Rf6+ 45. Kg3 Re6 46. Rc5 Rc6 47. Re5 f6 48. 
Ra5 Kc7 49. Ra1 Kb7 50. Rb1+ Rb6 51. Re1 a5 52. Re7+ Kc6 53. Rh7 a4 54. Rxh6 a3 
55. Rh1 a2 56. Ra1 Ra6 57. Kh4 Kb5 58. f4 Kb4 59. f5 g5+  0-1

[Event "ch-Frankfurt A"]
[White "Rudolph, Peter"]
[Black "Held, Bernhard"]
[Site "Frankfurt"]
[PlyCount "200"]
[Result "1-0"]
[Round "2.6"]
[WhiteElo "2119"]
[BlackElo "1899"]
[Date "2024.05.07"]
[WhiteTeam "SK 1858 Gießen"]
[BlackTeam "SK 1908 Göggingen"]

1. e4 c5 2. Nf3 Nc6 3. c4 e6 4. Nc3 Nf6 5. Be2 d6 6. d4 cxd4 7. Nxd4 Nxd4 8. Qxd4 
Be7 9. O-O O-O 10. Rd1 Bd7 11. Be3 Qb8 12. f3 Rd8 13. b4 Ne8 14. b5 Bf6 15. Qd2 
b6 16. a4 Qc7 17. Rac1 Rac8 18. Na2 a5 19. Kh1 Qb8 20. Qe1 Rc7 21. Qf2 Rb7 22. Rc2 
Bc8 23. Nc1 Kh8 24. Nb3 e5 25. f4 Kg8 26. f5 Rdd7 27. Nc1 Bd8 28. Na2 Nf6 29. Qf3 
Rbc7 30. Nc3 Qa7 31. Qf2 Rb7 32. g4 h6 33. h4 Rb8 34. g5 hxg5 35. hxg5 Nh7 36. Qh4 
Bb7 37. Bf3 Rc8 38. Rh2  1-0

[Event "ch-Frankfurt A"]
[White "Brehme, Ralf-Peter"]
[Black "Reschke, Thomas"]
[Site "Frankfurt"]
[PlyCount "200"]
[Result "1/2-1/2"]
[Round "2.7"]
[WhiteElo "1952"]
[BlackElo "2103"]
[Date "2024.05.07"]
[WhiteTeam "Vorw.Orient Mainz"]
[BlackTeam "SC Frankfurt-West"]

1. f4 g6 2. Nf3 Bg7 3. g3 d5 4. Bg2 c5 5. O-O Nc6 6. d3 Nf6 7. Qe1 O-O 8. e4 dxe4 
9. dxe4 e5 10. Nc3 Re8 11. f5 gxf5 12. Bg5 Nd4 13. Rf2 Qb6 14. Bxf6 Qxf6 15. Nh4 
f4 16. Nd5 Qc6  1/2-1/2

[Event "ch-Frankfurt A"]
[White "Schulze, Manfred"]
[Black "Engel, Manfred"]
[Site "Frankfurt"]
[PlyCount "200"]
[Result "0-1"]
[Round "2.8"]
[WhiteElo "1887"]
[BlackElo "2234"]
[Date "2024.05.07"]
[WhiteTeam "SC Steinbach"]
[BlackTeam "SC Frankfurt-West"]

1. e4 c5 2. Nf3 Nc6 3. Bb5 g6 4. O-O Bg7 5. Re1 e5 6. Nc3 Nge7 7. Bc4 O-O 8. d3 d6 
9. h3 h6 10. Be3 Kh7 11. Nd5 f5 12. c3 f4 13. Bd2 g5 14. Nh2 Nxd5 15. Bxd5 Qe8 16. 
a4 Be6 17. Qb3 Bxd5 18. Qxd5 Qg6 19. b4 cxb4 20. cxb4 Nd4 21. Rac1 f3 22. Kf1 Qh5 
23. Re3 Rf7 24. Nxf3 Nxf3 25. gxf3 Qxh3+ 26. Ke2 Raf8 27. Be1 Rxf3 28. Rc7 Rxe3+ 
29. fxe3 Qf3+ 30. Kd2 g4 31. Qxb7 Rg8 32. Rf7 Qg2+ 33. Rf2 Qg1 34. Qd7 g3 35. Rf7 
Qh2+ 36. Kc3 g2 37. Rxg7+ Rxg7 38. Qf5+ Kg8 39. Qc8+ Kf7 40. Qd7+ Kf6 41. Qd8+ Kg6 
42. Qc8 Kh5 43. Qe8+ Rg6  0-1

[Event "ch-Frankfurt A"]
[White "Rondonuwu, Grover"]
[Black "Schwarz, Dominik"]
[Site "Frankfurt"]
[PlyCount "200"]
[Result "1-0"]
[Round "2.9"]
[WhiteElo "2015"]
[BlackElo "1895"]
[Date "2024.05.07"]
[WhiteTeam "Sabt Frankfurter TV 1860"]
[BlackTeam "SC Flörsheim 1921"]

1. d4 Nf6 2. Bg5 d5 3. Bxf6 exf6 4. e3 Bd6 5. g3 f5 6. Ne2 Nd7 7. Bg2 c6 8. Nd2 Nf6 
9. O-O O-O 10. c4 dxc4 11. Nxc4 Bc7 12. Nc3 Be6 13. Nd2 Nd5 14. Nxd5 Bxd5 15. Bxd5 
Qxd5 16. Qb3 Qxb3 17. Nxb3 Bb6 18. a4 a6 19. a5 Ba7 20. Rac1 Rfd8 21. Rc4 Rd5 22. 
Rb4 Rb5 23. Rxb5 axb5 24. Ra1 Kf8 25. Nc1 b4 26. Nd3 c5 27. Nxc5 Bxc5 28. dxc5 Rc8 
29. Ra4 Rxc5 30. Rxb4 Rxa5 31. Rxb7 Ra1+ 32. Kg2 Rb1 33. h4 g6 34. Kf3 Kg7 35. b4 
Kf6 36. b5 Rb4 37. Rb8 h6 38. b6 Kg7 39. Ke2 Kf6 40. Kd2 Rb1 41. Kc2 Rb5 42. Kc3 
Rb1 43. Kc4 Ke7 44. Kc5 Rc1+ 45. Kd5 Kf6 46. Ra8 Rb1 47. Kc6 Rc1+ 48. Kd7 Rb1 49. 
Ra6 Rd1+ 50. Kc7 Rc1+ 51. Kb8 Rd1 52. b7+  1-0

[Event "ch-Frankfurt A"]
[White "Rotermund, Verena"]
[Black "Lenhard, Martin"]
[Site "Frankfurt"]
[PlyCount "200"]
[Result "0-1"]
[Round "2.10"]
[WhiteElo "1765"]
[BlackElo "2004"]
[Date "2024.05.07"]
[WhiteTeam "Vorw.Orient Mainz"]
[BlackTeam "SV 1920 Hofheim"]

1. e4 e6 2. d4 d5 3. Nc3 Nf6 4. Bg5 Bb4 5. e5 h6 6. Bd2 Bxc3 7. bxc3 Ne4 8. Bc1 c5 
9. Ne2 Qa5 10. f3 Nxc3 11. Qd2 cxd4 12. Nxd4 Qc7 13. Bb2 Na4 14. Nb5 Qb6 15. Bd4 
Nc5 16. Nd6+ Ke7 17. Be2 Nbd7 18. Qe3 a6 19. O-O Qc7 20. Qf4 f6 21. exf6+ gxf6 22. 
Nf5+ Kd8 23. Qh4 e5 24. Nxh6 Rf8 25. Bf2 Ne6 26. Bd3 Ndc5 27. Ng4 Qe7 28. Rab1 b5 
29. Bf5 Nf4 30. Bxc8 Rxc8 31. Ne3 Qe6 32. Rfe1 Kd7 33. Rbd1 Kc6 34. Ng4 Qf5 35. 
Bxc5 Kxc5 36. Qf2+ Kc6 37. Qa7 Ra8 38. Qe7 Qe6 39. Qxe6+ Nxe6 40. Ne3 Rad8 41. Nf5 
Kb6 42. g3 Rf7 43. Rd2 Rc7 44. Red1 d4 45. Kf2 Rc3 46. Ne7 Ng5 47. Rd3 Rxc2+ 48. 
R1d2 Rxd2+ 49. Rxd2 e4 50. Rc2 e3+ 51. Kf1 d3 52. Rc6+ Kb7  0-1

[Event "ch-Frankfurt A"]
[White "Hochmuth, Christian"]
[Black "Trierweiler, Joachim"]
[Site "Frankfurt"]
[PlyCount "200"]
[Result "1/2-1/2"]
[Round "2.11"]
[WhiteElo "1996"]
[BlackElo "1875"]
[Date "2024.05.07"]
[WhiteTeam "Schachdrachen Büdingen-Wächtersb"]
[BlackTeam "Vorw.Orient Mainz"]

1. d4 c5 2. d5 d6 3. c4 Nf6 4. Nc3 g6 5. Nf3 Bg7 6. e4 O-O 7. Be2 Na6 8. O-O Nc7 
9. h3 Bd7 10. Bf4 Rb8 11. e5 Nfe8 12. a4 a6 13. a5 b5 14. axb6 Rxb6 15. Ra2 Qb8 
16. Qd2 a5 17. g4 Na6 18. exd6 exd6 19. Bh6 Rb3 20. Bxg7 Kxg7 21. Rb1 Qb6 22. Nb5 
Rxf3  1/2-1/2

[Event "ch-Frankfurt A"]
[White "Leitzig, Reamonn Franky James"]
[Black "Casagrande, Thomas, Dr."]
[Site "Frankfurt"]
[PlyCount "200"]
[Result "0-1"]
[Round "2.12"]
[WhiteElo "1748"]
[BlackElo "2015"]
[Date "2024.05.07"]
[WhiteTeam "SV 1934 Ffm-Griesheim"]
[BlackTeam "Sabt Frankfurter TV 1860"]

1. d4 d5 2. c4 e6 3. Nc3 c5 4. cxd5 exd5 5. Nf3 Nc6 6. g3 Nf6 7. Bg2 Be7 8. dxc5 
Bxc5 9. O-O O-O 10. Bg5 d4 11. Bxf6 Qxf6 12. Ne4 Qe7 13. Nxc5 Qxc5 14. Qd2 Bg4 15. 
Rac1 Qb6 16. Rfd1 Rad8 17. Rc4 Rfe8 18. b3 d3 19. Rxg4 dxe2 20. Rxg7+ Kh8 21. Rxh7+ 
Kxh7 22. Qc2+ Kg8 23. Re1 Qb5 24. h4 Qd3 25. Qc1 Nd4 26. Qg5+ Qg6 27. Qxg6+ fxg6 
28. Nxd4 Rxd4 29. f4 b6 30. Kf2 Rd2 31. Bf3 Rxa2 32. Bxe2 Kg7 33. Kf1 Rb2 34. h5 
gxh5 35. Bxh5 Rxe1+ 36. Kxe1 Rxb3 37. g4 Rb4 38. f5 Kf6 39. Kd2 a5 40. Kc3 Rf4 41. 
Kb3 Kg5 42. Ka3 Rxf5 43. Be8 Kxg4 44. Ka4 Rf8 45. Bc6 Kf4 46. Bb7 Ke3 47. Bc6 Kd4 
48. Bb7 Kc5 49. Bg2 b5+ 50. Kxa5 Rf2  0-1

[Event "ch-Frankfurt A"]
[White "Orwatsch, Gerhard"]
[Black "Kulkovets, Roman"]
[Site "Frankfurt"]
[PlyCount "200"]
[Result "1-0"]
[Round "2.13"]
[WhiteElo "2051"]
[BlackElo "1685"]
[Date "2024.05.07"]
[WhiteTeam "SK 1858 Gießen"]
[BlackTeam "SAbt TuS Makkabi Ffm"]

1. d4 Nf6 2. Nf3 d6 3. Bf4 c6 4. c3 Bf5 5. h3 Qb6 6. Qb3 h6 7. Nbd2 g5 8. Bh2 Na6 
9. e3 Bg7 10. Bc4 O-O 11. O-O c5 12. Rfe1 Ne4 13. Nxe4 Bxe4 14. Nd2 Bg6 15. Bd5 
Rab8 16. Qxb6 axb6 17. a4 Nc7 18. Bf3 Rfd8 19. Nc4 cxd4 20. exd4 Kf8 21. Nxb6 Na8 
22. a5 Nxb6 23. axb6 Bd3 24. Ra7 Ba6 25. Ra1 e5 26. dxe5 dxe5 27. g4 Rd6 28. R1xa6 
bxa6 29. b7 Ke7 30. Ra8 Rdd8 31. Rxa6 Rd3 32. Ra8 Rdd8 33. Be4 Kd7 34. Ra5 f6 35. 
Kf1 Bf8 36. f3 Kc7 37. Ke2 Rd7 38. Bg1 Rbd8 39. Be3 Be7 40. Ra8 Bd6 41. Ra6  1-0

[Event "ch-Frankfurt A"]
[White "Biegel, Thomas"]
[Black "Rabiya, Karim"]
[Site "Frankfurt"]
[PlyCount "200"]
[Result "1/2-1/2"]
[Round "2.15"]
[WhiteElo "1974"]
[BlackElo "1841"]
[Date "2024.05.07"]
[WhiteTeam "SVG Eppstein 1932"]
[BlackTeam "SK Niederbrechen 1948"]

1. Nf3 f5 2. d3 Nf6 3. c4 d6 4. Nc3 c6 5. e4 e5 6. g3 g6 7. Bg2 Bg7 8. O-O O-O 9. 
exf5 Bxf5 10. Nh4 Be6 11. b3 a5 12. h3 Nh5 13. Ne4 Nf4 14. Bxf4 exf4 15. Rb1 g5 
16. Nf3 fxg3 17. fxg3 h6 18. g4 Nd7 19. Qe2 Ne5 20. Nxe5 Bxe5 21. Rxf8+ Qxf8 22. 
Rf1 Qe7 23. Qf3 Bf4 24. d4 d5 25. Nc5 Re8 26. Re1 Qf6 27. cxd5 Qxd4+ 28. Qf2 Bh2+ 
29. Kf1 Qxf2+ 30. Kxf2 Rf8+ 31. Ke2 Bxd5 32. Bxd5+ cxd5 33. Nxb7 Rc8 34. Kd3 a4 
35. bxa4 Rc7 36. Rb1 Be5 37. Rb3 Rc4 38. a5 Rd4+ 39. Ke2 Ra4 40. a3 Bc7 41. Rd3 
d4 42. Kf3 Bxa5 43. Nxa5 Rxa5 44. Ke4  1/2-1/2

[Event "ch-Frankfurt A"]
[White "Steudel, Max"]
[Black "Rohatgi, Kushagra"]
[Site "Frankfurt"]
[PlyCount "200"]
[Result "1-0"]
[Round "2.16"]
[WhiteElo "2031"]
[BlackElo "1723"]
[Date "2024.05.07"]
[WhiteTeam "SC Brett vorm Kopp Ffm"]
[BlackTeam "SAbt TuS Makkabi Ffm"]

1. b3 d5 2. Bb2 Nc6 3. g3 e5 4. Bg2 Nf6 5. d3 Bc5 6. e3 Bf5 7. Nd2 O-O 8. Ne2 Re8 
9. a3 a5 10. h3 h6 11. O-O Qd7 12. Kh2 Rad8 13. Qb1 Bb6 14. Qa2 Be6 15. Rad1 d4 
16. e4 a4 17. f4 axb3 18. cxb3 exf4 19. gxf4 Qe7 20. Nc4 Bxc4 21. bxc4 Nd7 22. Ng3 
Nc5 23. Nf5 Qf6 24. Bc1 Ra8 25. Bf3 Nb4 26. Qe2 Nc6 27. Rg1 g6 28. Nxh6+ Kh7 29. 
Ng4 Qh4 30. e5 Kg7 31. f5 Rh8 32. Rg3 Na4 33. Rdg1 Nc3 34. Qg2 Bc5 35. Bxc6 bxc6 
36. Nf6 Bxa3 37. Bg5 Qxg3+ 38. Kxg3 Be7 39. Rf1 Ra2 40. Rf2 Rxf2 41. Qxf2 Bxf6 42. 
Bxf6+ Kg8 43. Bxh8 Kxh8 44. fxg6 fxg6 45. e6 Kg8 46. Qf7+ Kh8 47. e7 Ne2+ 48. Kg4 
Nf4 49. e8R#  1-0

[Event "ch-Frankfurt A"]
[White "Weber, Axel"]
[Black "Zimmer, Gerald, Dr."]
[Site "Frankfurt"]
[PlyCount "200"]
[Result "1-0"]
[Round "2.17"]
[WhiteElo "1508"]
[BlackElo "1944"]
[Date "2024.05.07"]
[WhiteTeam "SF Frankfurt 1921"]
[BlackTeam "SC Bergen-Enkheim 1922"]

1. d4 Nf6 2. c4 e5 3. d5 Bc5 4. e3 d6 5. Nc3 O-O 6. Nf3 Bg4 7. Be2 Nbd7 8. O-O a5 
9. e4 h6 10. Nd2 Bxe2 11. Qxe2 Nh7 12. Nb3 f5 13. exf5 Rxf5 14. Qg4 Qf8 15. Nxc5 
Nxc5 16. Bxh6 Nd3 17. Bxg7 Qe7 18. Bf6+  1-0

[Event "ch-Frankfurt A"]
[White "Cichon, Jörg"]
[Black "Diehl, Felix"]
[Site "Frankfurt"]
[PlyCount "200"]
[Result "0-1"]
[Round "2.18"]
[WhiteElo "1818"]
[BlackElo "1867"]
[Date "2024.05.07"]
[WhiteTeam "Sfr.Mainz 1928"]
[BlackTeam "SC Matt im Park Ffm"]

1. e4 e5 2. Nf3 Nc6 3. d4 exd4 4. Nxd4 Nf6 5. Nxc6 bxc6 6. Bd3 d5 7. exd5 cxd5 8. 
Bb5+ Bd7 9. Bxd7+ Qxd7 10. O-O Be7 11. Nd2 O-O 12. Nf3 Bd6 13. Re1 Rfe8 14. h3 Ne4 
15. Be3 Qf5 16. Nd4 Qe5 17. f4 Qf6 18. Qf3 a6 19. c3 g5 20. Qg4 c5 21. Nf3 Bxf4 
22. Bxf4 Qxf4 23. Qxf4 gxf4 24. Rad1 Rad8 25. Kf1 Kg7 26. Kg1 Kf6 27. Kf1 Re6 28. 
Kg1 Ng3 29. Kf2 Re4 30. Rxe4 Nxe4+ 31. Kf1 Ke6 32. Ke2 Rb8 33. Rb1 Nxc3+  0-1

[Event "ch-Frankfurt A"]
[White "Veenstra, Sander"]
[Black "Lopez Fuertes, Victor"]
[Site "Frankfurt"]
[PlyCount "200"]
[Result "1-0"]
[Round "2.19"]
[WhiteElo "1943"]
[BlackElo "1747"]
[Date "2024.05.07"]
[WhiteTeam "SC Bad Soden"]
[BlackTeam "SC 1910 Höchst"]

1. e4 b6 2. d4 Bb7 3. Bd3 e6 4. Nc3 Bb4 5. Nge2 d5 6. e5 Ba6 7. O-O Bxd3 8. Qxd3 
a6 9. f4 Nh6 10. Ng3 g6 11. Nd1 Nf5 12. Nf2 Nd7 13. c4 c6 14. a3 Be7 15. Bd2 Bh4 
16. Rac1 dxc4 17. Rxc4 c5 18. Nxf5 gxf5 19. d5 b5 20. Rc2 c4 21. Qd4 Qb6 22. Qxb6 
Nxb6 23. g3 Rg8 24. d6 Nd5 25. Nd1 Bd8 26. Kg2 Bb6 27. Kf3 Kd7 28. Be3 Nxe3 29. 
Nxe3 h5 30. Ng2 Rac8 31. Ke2 Rc6 32. Nh4 Bd8 33. Nf3 Rc8 34. Rfc1 Bb6 35. Ng5 Rgf8 
36. Nh7 Rh8 37. Nf6+ Kc6 38. b3 Kb7 39. bxc4 bxc4 40. Rxc4 Rxc4 41. Rxc4 h4 42. 
d7 hxg3 43. hxg3 Bd8 44. Rc8 Rh2+ 45. Kd3 Rh8 46. Ne8 Rh3 47. Nd6+ Ka7 48. Rxd8 
Rxg3+ 49. Ke2  1-0

[Event "ch-Frankfurt A"]
[White "Fröhlich-Dill, Astrid"]
[Black "Shanmuganathan, Adhav"]
[Site "Frankfurt"]
[PlyCount "200"]
[Result "1-0"]
[Round "2.20"]
[WhiteElo "1889"]
[BlackElo "1571"]
[Date "2024.05.07"]
[WhiteTeam "SV 1920 Hofheim"]
[BlackTeam "SV 1934 Ffm-Griesheim"]

1. d4 d5 2. c4 e6 3. Nc3 Nf6 4. Bg5 Be7 5. e3 Nbd7 6. Nf3 dxc4 7. Bxc4 Nb6 8. Be2 
O-O 9. O-O Nbd5 10. a3 Nxc3 11. bxc3 h6 12. Bh4 Nd5 13. Bxe7 Qxe7 14. Qb3 b6 15. 
c4 Nf6 16. Ne5 Bb7 17. Nd3 Ne4 18. Rad1 Rfd8 19. f3 Ng5 20. Nf4 e5 21. Nd5 Bxd5 
22. cxd5 exd4 23. Rxd4 c5 24. Rd2 Rac8 25. Rfd1 Qd6 26. Qc4 Nh7 27. g3 Nf6 28. f4 
Nd7 29. e4 f6 30. Bg4 Rb8 31. a4 Nf8 32. Be6+ Kh8 33. f5 Nd7 34. Bxd7 Rxd7 35. Qb5 
Rc7 36. Rc2 Rbc8 37. a5 bxa5 38. Qxa5 c4 39. Qc3 Kg8 40. Ra1 Rb8 41. Qd4 Qb6 42. 
Qxb6 axb6 43. d6 Rc6 44. Rd1 b5 45. Rb1 Kf7 46. Kf2 b4 47. Ke3 c3 48. Rb3 Rxd6 49. 
Rcxc3 bxc3 50. Rxb8 Rc6 51. Rb7+ Ke8 52. Rb1 c2 53. Rc1 Kd7 54. Kd3 Kd6 55. Rxc2 
Rxc2 56. Kxc2 Kc6 57. Kc3 Kd6 58. Kd4 h5 59. h3 Kc6 60. e5 fxe5+ 61. Kxe5 Kd7 62. 
Kf4 Ke7 63. Kg5 Kf7 64. Kxh5 Kf6 65. g4 g5 66. fxg6 Kg7 67. Kg5 Kh8 68. h4 Kg8 69. 
h5 Kh8 70. Kf6 Kg8 71. h6 Kh8 72. g7+ Kg8 73. Ke7 Kh7 74. Kf8 Kxh6 75. g5+  1-0

[Event "ch-Frankfurt A"]
[White "Erbach, Jürgen"]
[Black "Diehl, Stefan"]
[Site "Frankfurt"]
[PlyCount "200"]
[Result "1-0"]
[Round "2.21"]
[WhiteElo "1590"]
[BlackElo "1863"]
[Date "2024.05.07"]
[WhiteTeam "Sfr.1932 Kelkheim"]
[BlackTeam "SC Eschborn 1974"]

1. Nf3 c6 2. e3 d5 3. c4 Nf6 4. Nc3 Bg4 5. cxd5 Nxd5 6. Be2 e6 7. Nxd5 cxd5 8. Qa4+ 
Nc6 9. Qxg4 Qd6 10. Nd4 Ne5 11. Nb5 Qd7 12. Qg3 f6 13. d4 a6 14. dxe5 axb5 15. exf6 
gxf6 16. Bd2 Bd6 17. Bxb5 Bxg3 18. Bxd7+ Kxd7 19. hxg3  1-0

[Event "ch-Frankfurt A"]
[White "Mayer, Frank"]
[Black "Manasek, Martin"]
[Site "Frankfurt"]
[PlyCount "200"]
[Result "1-0"]
[Round "2.22"]
[WhiteElo "2009"]
[BlackElo "1677"]
[Date "2024.05.07"]
[WhiteTeam "Wiesbadener SV 1885"]
[BlackTeam "SC Flörsheim 1921"]

1. e4 c6 2. d4 d5 3. f3 dxe4 4. fxe4 Nf6 5. e5 Nd5 6. c4 Nc7 7. Nc3 e6 8. Nf3 Be7 
9. Bd3 Bh4+ 10. g3 Be7 11. Qe2 O-O 12. Qe4 g6 13. h4 Ne8 14. Bh6 Ng7 15. h5 c5 16. 
hxg6 fxg6 17. Bxg7 Rf5 18. Bh6 Nc6 19. g4 Rf7 20. O-O-O Nxd4 21. Nxd4 Qxd4 22. Be3 
Qxe4 23. Bxe4 a6 24. Na4 Rb8 25. Nb6 Bf8 26. Rd8 Rc7 27. Bh6 Rf7 28. Nxc8 Rf2 29. 
Rhd1  1-0

[Event "ch-Frankfurt A"]
[White "Plattner, Rolf"]
[Black "Grinberg, Igor"]
[Site "Frankfurt"]
[PlyCount "200"]
[Result "1-0"]
[Round "2.24"]
[WhiteElo "1832"]
[BlackElo "1600"]
[Date "2024.05.07"]
[WhiteTeam "SK Langen"]
[BlackTeam "SAbt TuS Makkabi Ffm"]

1. e4 c6 2. d4 d5 3. Nc3 dxe4 4. Nxe4 Bf5 5. Ng3 Bg6 6. Nf3 Nd7 7. h4 h6 8. h5 Bh7 
9. Bd3 Bxd3 10. Qxd3 e6 11. Bd2 Qb6 12. O-O Ngf6 13. Rfe1 c5 14. d5 O-O-O 15. c4 
exd5 16. cxd5 Bd6 17. Ne4 Nxe4 18. Rxe4 Qa6 19. Qc2 Nb6 20. b4 Nd7 21. bxc5 Bxc5 
22. Be3 Qd6 23. Rd1 b6 24. Bf4 Qf8 25. Qa4 Kb7 26. Qc6+  1-0

[Event "ch-Frankfurt A"]
[White "Ghaznavi, Massoud"]
[Black "Platt, Lukas"]
[Site "Frankfurt"]
[PlyCount "200"]
[Result "1-0"]
[Round "2.25"]
[WhiteElo "1722"]
[BlackElo "1833"]
[Date "2024.05.07"]
[WhiteTeam "SV Oberursel"]
[BlackTeam "SC Flörsheim 1921"]

1. d4 e6 2. e4 d5 3. e5 c5 4. Nf3 Nc6 5. Bb5 Qb6 6. Nc3 Bd7 7. Bxc6 bxc6 8. O-O cxd4 
9. Nxd4 c5 10. Nf3 Ne7 11. b3 Nf5 12. h3 h6 13. Rb1 Be7 14. a4 d4 15. Ne2 Bxa4 16. 
Bxh6 Bb5 17. Bg5 Rd8 18. Bxe7 Kxe7 19. Re1 Bc6 20. Nf4 Qb7 21. Kh2 Bxf3 22. Qxf3 
Qxf3 23. gxf3 Rd7 24. Nd3 Rc8 25. Rg1 c4 26. bxc4 Rxc4 27. Rb2 Rdc7 28. Rc1 Rc3 
29. Ne1 Nh4 30. Kg3 Ng6 31. Rd1 Nxe5 32. Rxd4 a5 33. h4 Nc6 34. Re4 Nb4 35. Re3 
Nxc2 36. Rxc3  1-0

[Event "ch-Frankfurt A"]
[White "Müller, Jens"]
[Black "Wilczek, Jan-Philipp"]
[Site "Frankfurt"]
[PlyCount "200"]
[Result "1/2-1/2"]
[Round "2.26"]
[WhiteElo "1688"]
[BlackElo "1455"]
[Date "2024.05.07"]
[WhiteTeam "SV 1920 Hofheim"]
[BlackTeam "SAbt TuS Makkabi Ffm"]

1. e4 e5 2. Nf3 Nc6 3. Bc4 Bc5 4. O-O Nf6 5. d3 h6 6. a4 O-O 7. h3 d6 8. c3 a6 9. 
Re1 Be6 10. Nbd2 Bxc4 11. Nxc4 b5 12. Ne3 Ne7 13. Qc2 c6 14. b4 Bb6 15. a5 Ba7 16. 
Nh4 Ng6 17. Nhf5 Ne7 18. Qe2 Nxf5 19. Nxf5 Re8 20. Qf3 c5 21. Qg3 Nh5 22. Qf3 Nf4 
23. Bxf4 exf4 24. Qxf4 Re6 25. Rac1 Rc8 26. Ne3 Rf6 27. Qg4 Rg6 28. Qf5 Rf6  1/2-1/2

[Event "ch-Frankfurt A"]
[White "Noble, Fabian"]
[Black "Stricker, Konstantin"]
[Site "Frankfurt"]
[PlyCount "200"]
[Result "1-0"]
[Round "2.27"]
[WhiteElo "2060"]
[BlackElo "1799"]
[Date "2024.05.07"]
[WhiteTeam "vereinslos"]
[BlackTeam "SC Eschbach im Usinger Land"]

1. e4 c5 2. Nc3 d6 3. g3 Nf6 4. Bg2 Nc6 5. d3 Bg4 6. f3 Bd7 7. Nge2 e5 8. O-O Be7 
9. Be3 O-O 10. h3 Nd4 11. f4 Bc6 12. g4 Nxe2+ 13. Nxe2 exf4 14. Nxf4 d5 15. g5 Ne8 
16. exd5 Bd7 17. h4 Nd6 18. Bxc5 Qc7 19. Bf2 Nf5 20. Ne2 Bd6 21. c4 Rfe8 22. Be4 
Bh2+ 23. Kh1 Ng3+ 24. Nxg3 Bxg3 25. Qf3 Be5 26. d4 Bf4 27. Bg1 Bg3 28. Bxh7+ Kxh7 
29. Qh5+ Kg8 30. Qxf7+ Kh8 31. Qh5+ Kg8 32. g6 Bf4 33. Qh7+ Kf8 34. Qh8+ Ke7 35. 
Qxg7+  1-0

[Event "ch-Frankfurt A"]
[White "Vollbracht, Henrik, Dr."]
[Black "Gutacker, Stephan"]
[Site "Frankfurt"]
[PlyCount "200"]
[Result "0-1"]
[Round "2.28"]
[WhiteElo "1693"]
[BlackElo "1932"]
[Date "2024.05.07"]
[WhiteTeam "Sabt Frankfurter TV 1860"]
[BlackTeam "Sfr.1932 Kelkheim"]

1. d4 Nf6 2. Nc3 d5 3. Bf4 e6 4. e3 c6 5. Bd3 g6 6. Nf3 Bg7 7. h4 h5 8. Qe2 a5 9. 
Ne5 Nbd7 10. Nxg6 fxg6 11. Bxg6+ Kf8 12. Bg5 Bh6 13. Qxh5 Kg7 14. e4 Nxh5 15. Bxd8 
Kxg6 16. Bc7 Ndf6 17. g4 Ng7 18. Rg1 Nge8 19. h5+ Kf7 20. Be5 Rg8 21. f3 b6 22. 
exd5 exd5 23. Na4 Nd7 24. Kf2 Nxe5 25. dxe5 d4 26. Kg3 Be3 27. Rg2 b5 28. Nb6 Rb8 
29. Nxc8 Rxc8 30. f4 Ng7 31. Kf3 Ne6 32. f5 Ng5+ 33. Ke2 Rce8 34. e6+ Kf6 35. c3 
c5 36. h6 Rh8 37. cxd4 Bxd4 38. Rh2 Rh7 39. Kd3 Be5 40. Rh5 Rd8+  0-1